Measured term contracts : BMI seminar papers, (29 June 1990) (Record no. 87626)
[ view plain ]
| 000 -LEADER | |
|---|---|
| fixed length control field | 01067cam a2200229 4500 |
| 008 - FIXED-LENGTH DATA ELEMENTS--GENERAL INFORMATION | |
| fixed length control field | 090401t1990 xxu||||| |||| 00| 0 eng d |
| 020 ## - INTERNATIONAL STANDARD BOOK NUMBER | |
| International Standard Book Number | 0906182530 |
| 035 ## - SYSTEM CONTROL NUMBER | |
| System control number | (Sirsi) u18818 |
| 041 ## - LANGUAGE CODE | |
| Language code of text/sound track or separate title | eng |
| 050 ## - LIBRARY OF CONGRESS CALL NUMBER | |
| Classification number | 690.24 |
| 110 ## - MAIN ENTRY--CORPORATE NAME | |
| Corporate name or jurisdiction name as entry element | Building Maintenance Information Ltd |
| 9 (RLIN) | 2307 |
| 245 ## - TITLE STATEMENT | |
| Title | Measured term contracts : BMI seminar papers, (29 June 1990) |
| 260 ## - PUBLICATION, DISTRIBUTION, ETC. | |
| Place of publication, distribution, etc. | Kingston upon Thames |
| Name of publisher, distributor, etc. | Building Maintenance Information Ltd |
| Date of publication, distribution, etc. | 1990 |
| 300 ## - PHYSICAL DESCRIPTION | |
| Extent | 43p. ; 30cm. |
| 350 ## - PRICE (NR) (BK AM CF MU VM SE) [OBSOLETE] | |
| Price | 0 |
| 490 ## - SERIES STATEMENT | |
| Series statement | Serial |
| Volume/sequential designation | 193 |
| 520 ## - SUMMARY, ETC. | |
| Summary, etc. | Papers:-Measured term contracts/ GOLDS,R.N. - JCT Standard Form of Measured Term Contract / HARRIS,G. - Schedule of rates / MARTIN,J.L.N. -Audit of measured term contracts/ LOWE,D.F. -Pitfalls auditing/GOLDS,R.N.- Contractors the measured term contract/ WOODHOUSE,J. This item is part of a subscription service and cannot be photocopied, neither can any part of it be read out over the phone. Please contact BMI direct on 0171-222-7000 for details. |
| 650 ## - SUBJECT ADDED ENTRY--TOPICAL TERM | |
| Topical term or geographic name entry element | BMI |
| 700 ## - ADDED ENTRY--PERSONAL NAME | |
| Personal name | Martin, Joe |
| International Standard Serial Number | Editor |
| 942 ## - ADDED ENTRY ELEMENTS (KOHA) | |
| Suppress in OPAC | 0 |
| 948 ## - LOCAL PROCESSING INFORMATION (OCLC); SERIES PART DESIGNATOR (RLIN) | |
| c (OCLC) | 04/03/1997 |
| Withdrawn status | Lost status | Source of classification or shelving scheme | Damaged status | Not for loan | Home library | Current library | Shelving location | Date acquired | Total Checkouts | Full call number | Barcode | Date last seen | Copy number | Price effective from | Koha item type |
|---|---|---|---|---|---|---|---|---|---|---|---|---|---|---|---|
| Dewey Decimal Classification | London | London | Enquiry desk | 14/09/1999 | ENQUIRY DESK | 30025492 | 06/08/2019 | 1 | 06/08/2019 | Reference material |